000 00256 a2200109 4500
001 68599
040 _cAnchieta - Itaigara
240 1 0 _aEspaços naturais de Espanha
_l
245 1 0 _aEspaços naturais de Espanha
650 4 _aGeografia e viagens
942 _cMX
999 _c68599
_d68599